00728 a2200229 4500260001200000100002000012700002500032260001000057300000900067245010900076650003500185650004000220650003200260650004600292650001200338260000900350130000700359500000900366040001000375999001500385952009800400 aCotonou aGNANCADJA, Yves aOKOUMASSOUN, Mathias bENEAM b42 p aApport à l'amélioration du traitement de la TVA dans les entreprises commerciales: cas de la SODIREP aAPPORT DU TRAITEMENT DE LA TVA aAMELIRATION DU TRAITEMENT DE LA TVA aLES ENTREPRISE COMMERCIALES aTRAITEMENT DE LA TVA DANS LES ENTREPRISES aSODIREP c2005 lFr a3 ex aENEAM c9426d9426 00104070aBENEAMbBENEAMd2009-02-27l0o200/COG/004r2009-02-27 00:00:00w2009-02-27yLIVR